| 000 | 00345nam a22001577a 4500 | ||
|---|---|---|---|
| 003 | SGT | ||
| 020 | _a978-81-19714-40-7 | ||
| 082 |
_a615.321 _bKAR |
||
| 100 | _aKAR, ASHUTOSH | ||
| 245 | _aESSENTIALS OF PHARMACOGNOSY | ||
| 250 | _a2ND | ||
| 260 |
_aINDIA _bAHUJA PUB. _c2024 |
||
| 300 | _a646 | ||
| 650 | _aPHARMACOGNOSY | ||
| 942 |
_2ddc _cBK |
||
| 999 |
_c32892 _d32892 |
||